[Event "2. Bundesliga Ost 2009/2010"]
[Site "17+18.10Zwettl14+15.11Poechlarn"]
[Date "2010.03.27"]
[Round "8"]
[Board "1"]
[White "Siebrecht, Sebastian"]
[Black "Videki, Sandor"]
[Result "1/2-1/2"]
[WhiteElo "2456"]
[BlackElo "2450"]
[PlyCount "135"]
[EventDate "2009.10.17"]
[EventType "team"]
[EventRounds "11"]
[EventCountry "AUT"]
[WhiteTeam "SK Advisory Invest Baden"]
[BlackTeam "Spg Data Technology Eichgraben/P."]

1.d4 d5 2.c4 c6 3.Nf3 Nf6 4.Nc3 dxc4 5.a4 Bf5 6.Nh4 Bc8 7.e3 c5 8.Bxc4 e6 9.O-O
Nc6 10.Nf3 Be7 11.Qe2 O-O 12.Rd1 Qc7 13.Bd2 Rd8 14.Nb5 Qb8 15.dxc5 Bxc5 16.Bc3
Bd7 17.Qc2 Be7 18.Ng5 Ne5 19.Be2 h6 20.f4 Neg4 21.Bxg4 hxg5 22.Be5 Qc8 23.Qxc8
Raxc8 24.Bf3 Nd5 25.Nxa7 Ra8 26.Bd4 Bf6 27.Bxf6 gxf6 28.Bxd5 exd5 29.Nb5 Bxb5
30.axb5 Rxa1 31.Rxa1 gxf4 32.exf4 d4 33.Rd1 Rd5 34.b4 d3 35.Kf2 Rxb5 36.Rb1 Rd5
37.Ke3 f5 38.Rd1 Rb5 39.Rxd3 Rxb4 40.Rd5 Rb2 41.Kf3 Rb3+ 42.Kf2 Rb2+ 43.Kg3 Rb3+
44.Kh4 Rb2 45.Kh3 Kg7 46.Rxf5 f6 47.g4 Rb3+ 48.Kh4 Rf3 49.g5 fxg5+ 50.Kxg5 Rh3
51.Rb5 Rxh2 52.Rxb7+ Kg8 53.f5 Ra2 54.Kg6 Rg2+ 55.Kf6 Rf2 56.Rb8+ Kh7 57.Re8 Rf1
58.Re5 Kg8 59.Rd5 Rf2 60.Rd8+ Kh7 61.Rc8 Rf1 62.Ke6 Kg7 63.Rc7+ Kg8 64.Rb7 Re1+
65.Kf6 Rf1 66.Rb8+ Kh7 67.Rf8 Ra1 68.Re8

[Event "2. Bundesliga Ost 2009/2010"]
[Site "17+18.10Zwettl14+15.11Poechlarn"]
[Date "2010.03.27"]
[Round "8"]
[Board "2"]
[White "Ganaus, Hannes"]
[Black "Bawart, Markus"]
[Result "1/2-1/2"]
[WhiteElo "2281"]
[BlackElo "2399"]
[PlyCount "42"]
[EventDate "2009.10.17"]
[EventType "team"]
[EventRounds "11"]
[EventCountry "AUT"]
[WhiteTeam "Spg Data Technology Eichgraben/P."]
[BlackTeam "SK Advisory Invest Baden"]

1.d4 b5 2.Nf3 Nf6 3.e3 a6 4.a4 b4 5.c4 e6 6.Bd3 c5 7.O-O Qc7 8.b3 d6 9.Bb2 Nbd7
10.Nbd2 Be7 11.Qe2 O-O 12.Rad1 Re8 13.Bb1 a5 14.Rfe1 Ba6 15.e4 cxd4 16.Nxd4 Nc5
17.Qf3 Rad8 18.Qg3 Nh5 19.Qf3 Nf6 20.Qg3 Nh5 21.Qf3 Nf6

[Event "2. Bundesliga Ost 2009/2010"]
[Site "17+18.10Zwettl14+15.11Poechlarn"]
[Date "2010.03.27"]
[Round "8"]
[Board "3"]
[White "Sulyok, Michael"]
[Black "Neumeier, Klaus"]
[Result "1-0"]
[WhiteElo "2240"]
[BlackElo "2391"]
[PlyCount "97"]
[EventDate "2009.10.17"]
[EventType "team"]
[EventRounds "11"]
[EventCountry "AUT"]
[WhiteTeam "SK Advisory Invest Baden"]
[BlackTeam "Spg Data Technology Eichgraben/P."]

1.c4 e5 2.Nc3 Nf6 3.Nf3 Nc6 4.a3 g6 5.g3 Bg7 6.Bg2 O-O 7.O-O d6 8.d3 h6 9.b4 a6
10.Bb2 Be6 11.Rc1 Qd7 12.Re1 Bh3 13.Bh1 Ng4 14.Nd5 f5 15.Qb3 Kh8 16.b5 Nd8
17.bxa6 Rxa6 18.c5 dxc5 19.Rxc5 Ne6 20.Rb5 c6 21.Nb6 Qd8 22.Rb4 Qe7 23.Nc4 Nc5
24.Qd1 b5 25.Ncxe5 Nxe5 26.Bxe5 Bxe5 27.Nxe5 Qxe5 28.d4 Qf6 29.dxc5 Rxa3 30.Qc1
Rc3 31.Qxh6+ Kg8 32.Rh4 Rf7 33.Rxh3 Rxc5 34.Qh4 g5 35.Qh6 g4 36.Rh5 Qxh6 37.Rxh6
Rc7 38.e4 Re7 39.Kf1 fxe4 40.Bxe4 Rce5 41.Rg6+ Kf8 42.Rxg4 c5 43.f3 c4 44.Rc1
Rc5 45.Rf4+ Kg7 46.Rf5 Rxf5 47.Bxf5 Re3 48.Be4 Rb3 49.Rb1

[Event "2. Bundesliga Ost 2009/2010"]
[Site "17+18.10Zwettl14+15.11Poechlarn"]
[Date "2010.03.27"]
[Round "8"]
[Board "4"]
[White "Weissenbeck, Manuel"]
[Black "Herndlbauer, Martin"]
[Result "1-0"]
[WhiteElo "2252"]
[BlackElo "2156"]
[PlyCount "65"]
[EventDate "2009.10.17"]
[EventType "team"]
[EventRounds "11"]
[EventCountry "AUT"]
[WhiteTeam "Spg Data Technology Eichgraben/P."]
[BlackTeam "SK Advisory Invest Baden"]

1.d4 d5 2.c4 c6 3.Nf3 Nf6 4.Nc3 dxc4 5.a4 Bf5 6.Ne5 Nbd7 7.Nxc4 Nb6 8.Ne5 e6
9.e3 a5 10.g4 Be4 11.f3 Bb4 12.Bd2 Bd5 13.Bd3 Nfd7 14.Nxd7 Qh4+ 15.Ke2 Kxd7
16.e4 Bc4 17.Bf4 h5 18.Bg3 Qh3 19.g5 Qg2+ 20.Bf2 Qxg5 21.d5 Bxd3+ 22.Qxd3 Kc7
23.Rhg1 Qf6 24.Rac1 Bxc3 25.Rxc3 exd5 26.Bd4 Qe6 27.Bxb6+ Kxb6 28.Rxg7 Rhe8
29.Qe3+ Ka6 30.Rb3 c5 31.Qxc5 b6 32.Qb5+ Ka7 33.Rxf7+

[Event "2. Bundesliga Ost 2009/2010"]
[Site "17+18.10Zwettl14+15.11Poechlarn"]
[Date "2010.03.27"]
[Round "8"]
[Board "5"]
[White "Kamaryt, Thomas"]
[Black "Hechl, Gerald"]
[Result "0-1"]
[WhiteElo "2073"]
[BlackElo "2244"]
[PlyCount "56"]
[EventDate "2009.10.17"]
[EventType "team"]
[EventRounds "11"]
[EventCountry "AUT"]
[WhiteTeam "SK Advisory Invest Baden"]
[BlackTeam "Spg Data Technology Eichgraben/P."]

1.Nf3 Nf6 2.d4 d6 3.g3 Nbd7 4.Bg2 c6 5.c4 e5 6.Nc3 Be7 7.O-O Qc7 8.Qc2 Nf8 9.Rd1
Ng6 10.a3 h5 11.Bg5 Be6 12.b3 Qc8 13.dxe5 dxe5 14.Nh4 Nxh4 15.Bxh4 Bf5 16.Qd2
Bh3 17.Bxf6 gxf6 18.Ne4 h4 19.Nd6+ Bxd6 20.Qxd6 hxg3 21.hxg3 Bxg2 22.Kxg2 Qh3+
23.Kf3 Qf5+ 24.Ke3 Rh2 25.f4 Qg4 26.Rd2 Qxg3+ 27.Ke4 Qxf4+ 28.Kd3 Rd8

[Event "2. Bundesliga Ost 2009/2010"]
[Site "17+18.10Zwettl14+15.11Poechlarn"]
[Date "2010.03.27"]
[Round "8"]
[Board "6"]
[White "Pichler, Michael"]
[Black "Geismann, Bernhard"]
[Result "1/2-1/2"]
[WhiteElo "2154"]
[BlackElo "2108"]
[PlyCount "42"]
[EventDate "2009.10.17"]
[EventType "team"]
[EventRounds "11"]
[EventCountry "AUT"]
[WhiteTeam "Spg Data Technology Eichgraben/P."]
[BlackTeam "SK Advisory Invest Baden"]

1.e4 e5 2.Nf3 Nc6 3.Bb5 f5 4.Bxc6 dxc6 5.Nc3 Nf6 6.Qe2 Bd6 7.d3 O-O 8.exf5 Bxf5
9.Ng5 Nd5 10.Nge4 Nf4 11.Bxf4 exf4 12.f3 Be5 13.O-O Bd4+ 14.Kh1 Qh4 15.Qe1 Qh6
16.Nd1 Rae8 17.c3 Bb6 18.Ndf2 Be3 19.Nd1 Bb6 20.Ndf2 Be3 21.Nd1 Bb6

[Event "2. Bundesliga Ost 2009/2010"]
[Site "17+18.10Zwettl14+15.11Poechlarn"]
[Date "2010.03.27"]
[Round "8"]
[Board "1"]
[White "Zilka, Stepan"]
[Black "Schroll, Gerhard"]
[Result "1/2-1/2"]
[WhiteElo "2485"]
[BlackElo "2411"]
[PlyCount "81"]
[EventDate "2009.10.17"]
[EventType "team"]
[EventRounds "11"]
[EventCountry "AUT"]
[WhiteTeam "Blackburne Nickelsdorf"]
[BlackTeam "1. Wr. Neustaedter SV"]

1.d4 d5 2.c4 e6 3.Nf3 Nf6 4.g3 Be7 5.Bg2 O-O 6.O-O dxc4 7.Ne5 Nc6 8.Bxc6 bxc6
9.Nxc6 Qe8 10.Nxe7+ Qxe7 11.Qa4 c5 12.Qa3 e5 13.Qxc5 Qb7 14.Rd1 Bh3 15.d5 Rac8
16.Qa5 Ne4 17.f3 Rc5 18.Qe1 Nd6 19.Nc3 f5 20.Qf2 Rcc8 21.a4 a6 22.a5 Rf6 23.Be3
Qxb2 24.Na4 Qb7 25.Nb6 Re8 26.Bc5 f4 27.Bxd6 Rxd6 28.Rac1 e4 29.Rxc4 e3 30.Qe1
g5 31.Rdc1 Qg7 32.Rc6 Rxc6 33.dxc6 g4 34.Nd5 gxf3 35.exf3 Qb2 36.Nxf4 e2 37.Nd3
Qd4+ 38.Nf2 Qb2 39.Nd3 Qd4+ 40.Nf2 Qb2 41.Nd3

[Event "2. Bundesliga Ost 2009/2010"]
[Site "17+18.10Zwettl14+15.11Poechlarn"]
[Date "2010.03.27"]
[Round "8"]
[Board "2"]
[White "Todor, Razvan"]
[Black "Pinter, Erik"]
[Result "0-1"]
[WhiteElo "2201"]
[BlackElo "2416"]
[PlyCount "106"]
[EventDate "2009.10.17"]
[EventType "team"]
[EventRounds "11"]
[EventCountry "AUT"]
[WhiteTeam "1. Wr. Neustaedter SV"]
[BlackTeam "Blackburne Nickelsdorf"]

1.d4 Nf6 2.Bg5 Ne4 3.Bf4 d5 4.e3 c5 5.Nd2 Nxd2 6.Qxd2 Nc6 7.Nf3 cxd4 8.exd4 Bf5
9.Be2 e6 10.O-O Be7 11.Ne5 Nxe5 12.Bxe5 O-O 13.c4 dxc4 14.Bxc4 Be4 15.Qe2 Bd5
16.Bd3 g6 17.Rfc1 Bd6 18.Bc4 Bxe5 19.Qxe5 Bxc4 20.Rxc4 Qb6 21.b3 Rad8 22.Qc5
Qxc5 23.dxc5 Rd2 24.a4 Rfd8 25.g3 a5 26.Rac1 Rb2 27.R1c3 Rdd2 28.Rf3 f5 29.c6
bxc6 30.Rxc6 Kf7 31.Rc7+ Kf6 32.Rxh7 e5 33.h4 e4 34.Rf4 Rxb3 35.Ra7 e3 36.Ra6+
Kg7 37.Ra7+ Kf6 38.Ra6+ Kg7 39.Ra7+ Kh6 40.fxe3 Rb1+ 41.Rf1 Rbb2 42.Rf4 Rg2+
43.Kf1 Rh2 44.Kg1 Rbg2+ 45.Kf1 Ra2 46.Kg1 Rhg2+ 47.Kf1 Rxg3 48.Rxa5 Rxe3 49.Ra8
Rb3 50.Rf2 Ra1+ 51.Kg2 Rb4 52.Ra6 Rg4+ 53.Kf3 Raxa4

[Event "2. Bundesliga Ost 2009/2010"]
[Site "17+18.10Zwettl14+15.11Poechlarn"]
[Date "2010.03.27"]
[Round "8"]
[Board "3"]
[White "Vlcek, Stanislav"]
[Black "Steiner, Adam"]
[Result "0-1"]
[WhiteElo "2286"]
[BlackElo "2188"]
[PlyCount "106"]
[EventDate "2009.10.17"]
[EventType "team"]
[EventRounds "11"]
[EventCountry "AUT"]
[WhiteTeam "Blackburne Nickelsdorf"]
[BlackTeam "1. Wr. Neustaedter SV"]

1.Nf3 d5 2.g3 Nc6 3.c4 d4 4.Bg2 Nf6 5.d3 e5 6.O-O Be7 7.b4 Bxb4 8.Nxe5 Nxe5
9.Qa4+ Nc6 10.Bxc6+ bxc6 11.Qxb4 Nd7 12.c5 Nf8 13.Nd2 Bh3 14.Re1 Ne6 15.Nf3 O-O
16.Qc4 Rb8 17.a4 Qf6 18.Bd2 Bg4 19.Kg2 Rb2 20.Ra2 Rxa2 21.Qxa2 Bxf3+ 22.exf3 Qf5
23.Qc4 Rb8 24.f4 Qxc5 25.Rc1 Qxc4 26.Rxc4 f5 27.Rxc6 Rb6 28.Rc4 Rb3 29.Rc6 Rb6
30.Rc4 c5 31.Kf3 Kf7 32.Ke2 Rb3 33.Bc1 Ke7 34.Kd2 Kd6 35.Kc2 Rb7 36.Ba3 Kd5
37.f3 g6 38.a5 Rb5 39.Ra4 a6 40.Bc1 Nd8 41.Bd2 Nc6 42.g4 Rb7 43.Ra1 c4 44.dxc4+
Kxc4 45.Ra4+ Nb4+ 46.Bxb4 d3+ 47.Kc1 Rxb4 48.Ra3 Kd4 49.gxf5 gxf5 50.Kd2 Rb2+
51.Kc1 Rc2+ 52.Kd1 Rxh2 53.Ra1 Ke3

[Event "2. Bundesliga Ost 2009/2010"]
[Site "17+18.10Zwettl14+15.11Poechlarn"]
[Date "2010.03.27"]
[Round "8"]
[Board "4"]
[White "Wiedner, Robert"]
[Black "Bachofner, Andreas"]
[Result "1-0"]
[WhiteElo "2199"]
[BlackElo "2229"]
[PlyCount "145"]
[EventDate "2009.10.17"]
[EventType "team"]
[EventRounds "11"]
[EventCountry "AUT"]
[WhiteTeam "1. Wr. Neustaedter SV"]
[BlackTeam "Blackburne Nickelsdorf"]

1.Nf3 f5 2.d4 Nf6 3.g3 e6 4.Bg2 d5 5.O-O Bd6 6.Ne1 O-O 7.Nd3 Qe7 8.Bf4 Bxf4
9.Nxf4 c5 10.c3 Nc6 11.e3 g5 12.Nd3 c4 13.Nc1 b5 14.Nd2 Bb7 15.Ne2 a5 16.Nf3 Nd7
17.h3 b4 18.Nh2 Kh8 19.f4 Qg7 20.Nf3 h6 21.Kh2 g4 22.Ne5 gxh3 23.Bxh3 Nf6 24.Qa4
Rfc8 25.Rg1 Nxe5 26.fxe5 Ng4+ 27.Bxg4 Qxg4 28.Nf4 Bc6 29.Qd1 Qxd1 30.Raxd1 Bd7
31.g4 fxg4 32.Rxg4 Rg8 33.Ng6+ Kh7 34.Rdg1 Be8 35.Nf4 Rxg4 36.Rxg4 Bf7 37.Kg3
bxc3 38.bxc3 Rb8 39.Kf3 a4 40.e4 dxe4+ 41.Kxe4 Rb7 42.d5 exd5+ 43.Kf5 h5 44.Rh4
Kh6 45.e6 Be8 46.Nxd5 Rb5 47.Rd4 Kg7 48.Ke5 Bc6 49.e7 Kf7 50.Rf4+ Kg7 51.Kd6 Be8
52.Rf8 Bg6 53.e8=Q Bxe8 54.Rxe8 Rb2 55.Re5 Rxa2 56.Rxh5 Ra1 57.Kc5 a3 58.Kxc4
Rb1 59.Nb4 Kf6 60.Ra5 Ke6 61.Rxa3 Kd6 62.Ra6+ Kd7 63.Kb5 Kc7 64.c4 Kb7 65.Rh6
Rg1 66.Rh7+ Kc8 67.c5 Rb1 68.Kc6 Kd8 69.Nd5 Ke8 70.Kd6 Rg1 71.Nc7+ Kf8 72.Ne6+
Kg8 73.Rg7+

[Event "2. Bundesliga Ost 2009/2010"]
[Site "17+18.10Zwettl14+15.11Poechlarn"]
[Date "2010.03.27"]
[Round "8"]
[Board "5"]
[White "Steinert, Martin"]
[Black "Ganauser, Eduard"]
[Result "1-0"]
[WhiteElo "2127"]
[BlackElo "2105"]
[PlyCount "37"]
[EventDate "2009.10.17"]
[EventType "team"]
[EventRounds "11"]
[EventCountry "AUT"]
[WhiteTeam "Blackburne Nickelsdorf"]
[BlackTeam "1. Wr. Neustaedter SV"]

1.d4 Nf6 2.c4 e6 3.Nc3 Bb4 4.e3 O-O 5.Bd3 Bxc3+ 6.bxc3 d6 7.f4 e5 8.fxe5 dxe5
9.Ne2 Re8 10.O-O Nbd7 11.c5 Nf8 12.Ng3 Be6 13.Bb2 Ng4 14.Qf3 Ng6 15.Nf5 Qg5
16.Bc1 exd4 17.exd4 Qh5 18.h3 Nf6 19.g4

[Event "2. Bundesliga Ost 2009/2010"]
[Site "17+18.10Zwettl14+15.11Poechlarn"]
[Date "2010.03.27"]
[Round "8"]
[Board "6"]
[White "Roman, Liviu-Valeriu"]
[Black "Bachofner, Christian"]
[Result "1-0"]
[WhiteElo "2009"]
[BlackElo "2072"]
[PlyCount "93"]
[EventDate "2009.10.17"]
[EventType "team"]
[EventRounds "11"]
[EventCountry "AUT"]
[WhiteTeam "1. Wr. Neustaedter SV"]
[BlackTeam "Blackburne Nickelsdorf"]

1.e4 c5 2.Nf3 d6 3.d4 cxd4 4.c3 d3 5.Bxd3 Nc6 6.O-O Nf6 7.h3 e6 8.Qe2 Be7 9.Bf4
O-O 10.Na3 a6 11.Rfd1 Qc7 12.Nc4 e5 13.Bg5 Be6 14.Bc2 Rfd8 15.Bxf6 Bxf6 16.Ne3
Ne7 17.Ng4 Ng6 18.g3 Be7 19.Bb3 Rac8 20.Bxe6 fxe6 21.h4 Bf6 22.h5 Nf8 23.Qe3 Qe7
24.Rac1 Rc6 25.c4 Rdc8 26.b3 Nd7 27.Kg2 Rf8 28.h6 g6 29.a4 Qf7 30.a5 Rfc8
31.Nxf6+ Nxf6 32.Ng5 Qe7 33.f3 Nh5 34.Nh3 Qf6 35.Nf2 Qe7 36.Nd3 Qf6 37.c5 dxc5
38.Rxc5 Rxc5 39.Nxc5 Qe7 40.b4 Nf6 41.g4 Rc6 42.Qg5 Nd5 43.Qxe7 Nxe7 44.Rd8+ Kf7
45.Rh8 g5 46.Rxh7+ Ke8 47.Rg7

[Event "2. Bundesliga Ost 2009/2010"]
[Site "17+18.10Zwettl14+15.11Poechlarn"]
[Date "2010.03.28"]
[Round "9"]
[Board "1"]
[White "Schroll, Gerhard"]
[Black "Wukits, Rene"]
[Result "1-0"]
[WhiteElo "2411"]
[BlackElo "2331"]
[PlyCount "68"]
[EventDate "2009.10.17"]
[EventType "team"]
[EventRounds "11"]
[EventCountry "AUT"]
[WhiteTeam "1. Wr. Neustaedter SV"]
[BlackTeam "SV Tschaturanga Neubau"]

1.b3 e5 2.Bb2 Nc6 3.c4 Nf6 4.e3 d6 5.Nc3 Be7 6.Nf3 O-O 7.d4 Bg4 8.Be2 Re8 9.d5
Nb8 10.Nd2 Bf5 11.g4 Bc8 12.Rg1 Nfd7 13.Qc2 Nf8 14.O-O-O c6 15.Nde4 Na6 16.a3
Nc7 17.dxc6 bxc6 18.Nxd6 Bxd6 19.c5 Nd5 20.cxd6 Be6 21.Bc4 Rc8 22.Ne4 Nd7 23.g5
Kh8 24.h4 Bf5 25.h5 Nc5 26.d7 Bxe4 27.dxe8=Q+ Qxe8 28.Qe2 Nb6 29.f3 Bd5 30.e4
Nxb3+ 31.Bxb3 Bxb3 32.Rd2 Rb8 33.h6 Qe7 34.hxg7+ Kxg7

[Event "2. Bundesliga Ost 2009/2010"]
[Site "17+18.10Zwettl14+15.11Poechlarn"]
[Date "2010.03.28"]
[Round "9"]
[Board "2"]
[White "Wallner, Alfred"]
[Black "Lucaci, Marius"]
[Result "1-0"]
[WhiteElo "2285"]
[BlackElo "2153"]
[PlyCount "67"]
[EventDate "2009.10.17"]
[EventType "team"]
[EventRounds "11"]
[EventCountry "AUT"]
[WhiteTeam "SV Tschaturanga Neubau"]
[BlackTeam "1. Wr. Neustaedter SV"]

1.e4 e6 2.d4 d5 3.Nd2 Nf6 4.e5 Nfd7 5.c3 c5 6.Bd3 Nc6 7.Ne2 cxd4 8.cxd4 Qb6
9.Nf3 f6 10.exf6 Nxf6 11.O-O Bd6 12.b3 O-O 13.Bf4 Bxf4 14.Nxf4 Kh8 15.Ng5 Nxd4
16.Bxh7 g6 17.Nxg6+ Kg7 18.Nxf8 Kxf8 19.Qd3 Nf5 20.Bxf5 exf5 21.Qh3 Kg7 22.Qg3
Kf8 23.Qh4 Kg7 24.Rae1 Qd6 25.Re2 Bd7 26.Rfe1 Re8 27.Rxe8 Bxe8 28.Ne6+ Kf7
29.Qh6 Ne4 30.Ng5+ Ke7 31.Qh7+ Kf6 32.Qh6+ Bg6 33.h4 Qb4 34.Qh8+

[Event "2. Bundesliga Ost 2009/2010"]
[Site "17+18.10Zwettl14+15.11Poechlarn"]
[Date "2010.03.28"]
[Round "9"]
[Board "3"]
[White "Todor, Razvan"]
[Black "Lenz, Alarich"]
[Result "1/2-1/2"]
[WhiteElo "2201"]
[BlackElo "2224"]
[PlyCount "60"]
[EventDate "2009.10.17"]
[EventType "team"]
[EventRounds "11"]
[EventCountry "AUT"]
[WhiteTeam "1. Wr. Neustaedter SV"]
[BlackTeam "SV Tschaturanga Neubau"]

1.e4 c5 2.Ne2 Nf6 3.Nbc3 d6 4.d4 cxd4 5.Nxd4 e6 6.Bg5 Be7 7.f4 h6 8.Bh4 Nxe4
9.Bxe7 Nxc3 10.Bxd8 Nxd1 11.Rxd1 Kxd8 12.Nb5 Nd7 13.Nxd6 Ke7 14.Be2 Rd8 15.O-O
Nc5 16.Nc4 Rxd1 17.Rxd1 Rb8 18.Bf3 f6 19.b4 Nd7 20.Na5 g6 21.c4 e5 22.g3 f5
23.fxe5 Nxe5 24.Bd5 b6 25.Nb3 Bb7 26.Bxb7 Rxb7 27.c5 bxc5 28.bxc5 Rd7 29.Re1 Kf6
30.Rc1 Nc6

[Event "2. Bundesliga Ost 2009/2010"]
[Site "17+18.10Zwettl14+15.11Poechlarn"]
[Date "2010.03.28"]
[Round "9"]
[Board "4"]
[White "Ponjican, Erich"]
[Black "Steiner, Adam"]
[Result "1/2-1/2"]
[WhiteElo "2170"]
[BlackElo "2188"]
[PlyCount "59"]
[EventDate "2009.10.17"]
[EventType "team"]
[EventRounds "11"]
[EventCountry "AUT"]
[WhiteTeam "SV Tschaturanga Neubau"]
[BlackTeam "1. Wr. Neustaedter SV"]

1.e4 c5 2.Nf3 d6 3.d4 cxd4 4.Nxd4 Nf6 5.Nc3 g6 6.Be3 Bg7 7.f3 Nc6 8.Qd2 O-O
9.O-O-O d5 10.exd5 Nxd5 11.Nxc6 bxc6 12.Bd4 Nxc3 13.Qxc3 Bh6+ 14.Be3 Bxe3+
15.Qxe3 Qb6 16.Qxe7 Be6 17.Qa3 Rad8 18.Bd3 Rd5 19.b3 Rfd8 20.Rhe1 Bf5 21.Rd2 Qb8
22.Qe7 Qf4 23.Qf6 R5d6 24.Qe5 Qb4 25.Ree2 Re6 26.Qb2 Rxe2 27.Rxe2 Qf4+ 28.Kb1
Bxd3 29.cxd3 Qxh2 30.Qf6

[Event "2. Bundesliga Ost 2009/2010"]
[Site "17+18.10Zwettl14+15.11Poechlarn"]
[Date "2010.03.28"]
[Round "9"]
[Board "5"]
[White "Wiedner, Robert"]
[Black "Petschar, Hans"]
[Result "1/2-1/2"]
[WhiteElo "2199"]
[BlackElo "2086"]
[PlyCount "82"]
[EventDate "2009.10.17"]
[EventType "team"]
[EventRounds "11"]
[EventCountry "AUT"]
[WhiteTeam "1. Wr. Neustaedter SV"]
[BlackTeam "SV Tschaturanga Neubau"]

1.Nf3 Nf6 2.c4 g6 3.g3 Bg7 4.Bg2 d6 5.d4 O-O 6.Nc3 Nbd7 7.O-O e5 8.b3 Re8 9.e3
c6 10.d5 cxd5 11.Nxd5 e4 12.Nxf6+ Nxf6 13.Nd2 Bg4 14.Qc2 Be2 15.Bb2 Bd3 16.Qd1
Bxf1 17.Qxf1 Qa5 18.Qe2 Rad8 19.a3 Qf5 20.h3 h5 21.b4 Nd7 22.g4 hxg4 23.hxg4 Qe6
24.Bxg7 Kxg7 25.Nxe4 Rh8 26.f4 f5 27.Ng5 Qf6 28.Rd1 b6 29.Rd4 Rh4 30.gxf5 gxf5
31.Qf3 Ne5 32.Qb7+ Kg6 33.Bd5 Rg4+ 34.Kf1 Rxg5 35.fxg5 Qxg5 36.Rd2 Rd7 37.Qc8
Qd8 38.Rg2+ Ng4 39.Qxd8 Rxd8 40.Bf3 Kg5 41.Ke2 Re8

[Event "2. Bundesliga Ost 2009/2010"]
[Site "17+18.10Zwettl14+15.11Poechlarn"]
[Date "2010.03.28"]
[Round "9"]
[Board "6"]
[White "Schwaninger, Wolfgang"]
[Black "Ligezinski, Martin"]
[Result "1-0"]
[WhiteElo "2151"]
[BlackElo "2140"]
[PlyCount "141"]
[EventDate "2009.10.17"]
[EventType "team"]
[EventRounds "11"]
[EventCountry "AUT"]
[WhiteTeam "SV Tschaturanga Neubau"]
[BlackTeam "1. Wr. Neustaedter SV"]

1.d4 e6 2.g3 f5 3.Bg2 Nf6 4.c4 Be7 5.Nc3 O-O 6.Nf3 d6 7.O-O Qe8 8.Re1 Qg6 9.Qb3
Nc6 10.Nb5 Ne8 11.d5 Nd8 12.dxe6 Nxe6 13.Nfd4 Nc5 14.Qc2 c6 15.Nc3 Nf6 16.b4
Nce4 17.Nxe4 fxe4 18.Bf4 d5 19.cxd5 cxd5 20.Qb3 Bd7 21.Rac1 Rac8 22.Be5 Qf7
23.f3 Qh5 24.Bf4 Kh8 25.Rxc8 Rxc8 26.g4 Qg6 27.Rd1 Rc4 28.a3 Qe8 29.Qe3 Ba4
30.Rc1 Qc8 31.Rxc4 Qxc4 32.Nf5 Bd8 33.Qxa7 Qxe2 34.Qa8 Qe1+ 35.Bf1 Bb5 36.Qxd8+
Ne8 37.Ng3 e3 38.Bxe3 Qxe3+ 39.Kg2 Qd2+ 40.Be2 d4 41.Kh3 d3 42.Qe7 Qh6+ 43.Kg2
Qd6 44.Qxd6 Nxd6 45.Bd1 Nc4 46.Kf2 Nxa3 47.Ke3 Nc2+ 48.Bxc2 dxc2 49.Kd2 Bd3
50.f4 g6 51.Nh1 h5 52.Nf2 Be2 53.h3 hxg4 54.hxg4 Kg7 55.Kxc2 Kf6 56.Kc3 Ke6
57.Kd4 b6 58.Ke4 Bc4 59.Nd1 Be2 60.Ne3 b5 61.g5 Kd6 62.Nc2 Bc4 63.Nd4 Bd5+
64.Ke3 Bc4 65.Nf3 Ba2 66.Kd4 Bb1 67.Nd2 Bc2 68.Ne4+ Bxe4 69.Kxe4 Ke6 70.f5+
gxf5+ 71.Kf4

[Event "2. Bundesliga Ost 2009/2010"]
[Site "17+18.10Zwettl14+15.11Poechlarn"]
[Date "2010.03.28"]
[Round "9"]
[Board "1"]
[White "Videki, Sandor"]
[Black "Zilka, Stepan"]
[Result "1-0"]
[WhiteElo "2450"]
[BlackElo "2485"]
[PlyCount "58"]
[EventDate "2009.10.17"]
[EventType "team"]
[EventRounds "11"]
[EventCountry "AUT"]
[WhiteTeam "Spg Data Technology Eichgraben/P."]
[BlackTeam "Blackburne Nickelsdorf"]

1.e4 e5 2.Nf3 Nc6 3.Bc4 Bc5 4.c3 Nf6 5.d3 d6 6.Bb3 O-O 7.h3 a6 8.Bg5 Ba7 9.Nbd2
h6 10.Bh4 Be6 11.Nh2 Bxb3 12.axb3 g5 13.Bg3 Kg7 14.h4 Rh8 15.Ndf3 Nh5 16.Qe2 f6
17.O-O-O Qd7 18.Nd2 Nxg3 19.fxg3 Raf8 20.g4 Ne7 21.Nhf1 gxh4 22.Rxh4 Ng6 23.Rh2
Nf4 24.Qf3 Rfg8 25.Ng3 Kf8 26.Nf5 Ke8 27.Rdh1 Kd8 28.Nxh6 Rxh6 29.Rxh6 b5

[Event "2. Bundesliga Ost 2009/2010"]
[Site "17+18.10Zwettl14+15.11Poechlarn"]
[Date "2010.03.28"]
[Round "9"]
[Board "2"]
[White "Pinter, Erik"]
[Black "Ganaus, Hannes"]
[Result "0-1"]
[WhiteElo "2416"]
[BlackElo "2281"]
[PlyCount "66"]
[EventDate "2009.10.17"]
[EventType "team"]
[EventRounds "11"]
[EventCountry "AUT"]
[WhiteTeam "Blackburne Nickelsdorf"]
[BlackTeam "Spg Data Technology Eichgraben/P."]

1.e4 e6 2.d4 d5 3.Nc3 Bb4 4.e5 c5 5.a3 Bxc3+ 6.bxc3 Ne7 7.Qg4 Nbc6 8.Qxg7 Rg8
9.Qxh7 cxd4 10.Nf3 Qc7 11.Bf4 Bd7 12.Qd3 Rg4 13.Bg3 Re4+ 14.Be2 Nf5 15.O-O Nxg3
16.hxg3 dxc3 17.Qd1 Nxe5 18.Ng5 Ra4 19.f4 Qc5+ 20.Rf2 Nc6 21.Qb1 Rxa3 22.Rxa3
Qxa3 23.Qxb7 Rb8 24.Qc7 Rc8 25.Qb7 Qb2 26.Nxf7 Qxb7 27.Nd6+ Ke7 28.Nxb7 Nb4
29.Na5 Ba4 30.f5 Bxc2 31.fxe6 Rf8 32.Rxf8 Kxf8 33.Kf2 Ba4

[Event "2. Bundesliga Ost 2009/2010"]
[Site "17+18.10Zwettl14+15.11Poechlarn"]
[Date "2010.03.28"]
[Round "9"]
[Board "3"]
[White "Neumeier, Klaus"]
[Black "Vlcek, Stanislav"]
[Result "1-0"]
[WhiteElo "2391"]
[BlackElo "2286"]
[PlyCount "125"]
[EventDate "2009.10.17"]
[EventType "team"]
[EventRounds "11"]
[EventCountry "AUT"]
[WhiteTeam "Spg Data Technology Eichgraben/P."]
[BlackTeam "Blackburne Nickelsdorf"]

1.e4 c5 2.Nf3 d6 3.d4 cxd4 4.Nxd4 Nf6 5.Nc3 a6 6.Bc4 e6 7.Bb3 b5 8.O-O Be7 9.Qf3
Qc7 10.Qg3 Nc6 11.Nf5 exf5 12.Qxg7 Rf8 13.Bg5 Nxe4 14.Nd5 Qb7 15.Bxe7 Nxe7 16.f3
Nxd5 17.fxe4 fxe4 18.Rad1 Be6 19.Qd4 Ne7 20.Bxe6 fxe6 21.Rxf8+ Kxf8 22.Qh8+ Ng8
23.Rf1+ Ke8 24.Qxg8+ Kd7 25.Qxh7+ Kc6 26.Qxe4+ Kb6 27.Qxe6 Rd8 28.Qe3+ Kc6
29.Qc3+ Kb6 30.Qd4+ Kc6 31.Rf3 Qe7 32.Re3 Qf7 33.a4 Re8 34.axb5+ axb5 35.Qc3+
Kb6 36.Rxe8 Qxe8 37.h3 Qe4 38.Kh2 b4 39.Qf6 Kc5 40.Qf2+ Kc4 41.g3 b3 42.Qf4 d5
43.Qf1+ Kd4 44.Qf2+ Kc4 45.Qf1+ Kd4 46.c3+ Ke3 47.Qe1+ Kf3 48.Qd1+ Kf2 49.Qd2+
Kf1 50.Qd1+ Kf2 51.Qg1+ Ke2 52.h4 Kd2 53.Qg2+ Kc1 54.h5 Qxg2+ 55.Kxg2 Kxb2 56.h6
Kc2 57.h7 b2 58.h8=Q b1=Q 59.Qh7+ Kb2 60.Qxb1+ Kxb1 61.g4 Kb2 62.g5 Kxc3 63.g6

[Event "2. Bundesliga Ost 2009/2010"]
[Site "17+18.10Zwettl14+15.11Poechlarn"]
[Date "2010.03.28"]
[Round "9"]
[Board "4"]
[White "Koffler, Daniel"]
[Black "Weissenbeck, Manuel"]
[Result "1/2-1/2"]
[WhiteElo "2236"]
[BlackElo "2252"]
[PlyCount "63"]
[EventDate "2009.10.17"]
[EventType "team"]
[EventRounds "11"]
[EventCountry "AUT"]
[WhiteTeam "Blackburne Nickelsdorf"]
[BlackTeam "Spg Data Technology Eichgraben/P."]

1.d4 Nf6 2.c4 e6 3.Nc3 Bb4 4.e3 O-O 5.Bd3 d5 6.Nf3 c5 7.O-O Nc6 8.a3 Ba5 9.dxc5
Bxc3 10.bxc3 e5 11.Be2 Bg4 12.Nd2 Bxe2 13.Qxe2 Qa5 14.cxd5 Nxd5 15.Bb2 Qxc5
16.c4 Nb6 17.a4 Rfd8 18.Rfc1 Na5 19.Ba3 Qc7 20.Bb4 Rxd2 21.Bxd2 Nb3 22.a5 Nd7
23.Rab1 Nxc1 24.Rxc1 Nc5 25.Bb4 Rc8 26.Bxc5 Qxc5 27.Qa2 b5 28.axb6 axb6 29.Rd1
g6 30.Qb2 h5 31.h3 Qxc4 32.Qxb6

[Event "2. Bundesliga Ost 2009/2010"]
[Site "17+18.10Zwettl14+15.11Poechlarn"]
[Date "2010.03.28"]
[Round "9"]
[Board "5"]
[White "Hechl, Gerald"]
[Black "Bachofner, Andreas"]
[Result "1/2-1/2"]
[WhiteElo "2244"]
[BlackElo "2229"]
[PlyCount "45"]
[EventDate "2009.10.17"]
[EventType "team"]
[EventRounds "11"]
[EventCountry "AUT"]
[WhiteTeam "Spg Data Technology Eichgraben/P."]
[BlackTeam "Blackburne Nickelsdorf"]

1.d4 e6 2.g3 f5 3.Bg2 Nf6 4.c4 d5 5.Nh3 c6 6.O-O Bd6 7.Bf4 Be7 8.Qc2 O-O 9.Nd2
h6 10.Bxb8 Rxb8 11.Nf4 g5 12.Ng6 Rf7 13.Ne5 Rg7 14.c5 Nd7 15.Nd3 Bf6 16.Qc3 Qc7
17.Nf3 Nf8 18.Nfe5 Bxe5 19.dxe5 Ng6 20.f3 Bd7 21.e3 Rf8 22.f4 Qd8 23.b4